00824nam a22002177a 450000500170000001000150001702000260003203500140005803700130007208200080008510000220009324500960011526000760021127000850028730000200037250000350039270000180042794200220044599900190046795201200048620180821115203.0 aENG-123848 a9788173719585c475.00 aEN-107380 bDBAD/PUB a518 aJalan, Arun Kumar aNumerical methods :cby Arun Kumar Jalan [and] Utpal Sarkarba programming-based approach / aHyderabad (Telangana)c2015bUniversities Press (India) Private Limited bHyderabad (Telangana)a3-6-747/1/A & 3-6-754/1, Himayatnagar, Hyderabad,e500029 a403p.c24(pbk.) aIt includes appendix and index aSarkar, Utpal 2ddccENh518mJAL c156119d156119 001040718NFICaDBADbBNd2018-08-20eDBAD/PUBg475.00l0o518 JALpEN-107380r2018-08-20 00:00:00t1v475.00yEN